000 00755nam a22001937a 4500
999 _c165649
_d165649
005 20190626121104.0
010 _aUR-10246
020 _c180.00
_a9789388105620
035 _aU-8801
037 _bDBAD/PUB
082 _a270.1
100 _aعبد اللہ بن عيسر ی
245 _aبچہ ا و ر قر آ ن (د و نو ں کے د ر ميا ن گہر ے تعلقا ت کی تلا ش )
_cعبد اللہ بن عيسر ی
246 _bBachcha Aur Qur'an (Urdu)
_abyAbdullah Bin Amir Isary
260 _a Delhi
_bEducational Publishing House
_c2018 ء
270 _a3191،Vakil Street,Kucha Pandit,Lal Kuan,
_bDelhi
_e110006
_k23216162
_l00911123211540
300 _a171ص
_c22 Cm(pbk)
942 _2ddc
_cUR
_h270.1
_mع ی س